<?xml version="1.0" encoding="UTF-8"?><marc:collection xmlns:marc="http://www.loc.gov/MARC21/slim">
  <marc:record>
    <marc:leader>00000nam##2200000za#4500</marc:leader>
    <marc:controlfield tag="001">9.638454</marc:controlfield>
    <marc:controlfield tag="003">CaOODSP</marc:controlfield>
    <marc:controlfield tag="005">20210624221706</marc:controlfield>
    <marc:controlfield tag="007">cr |||||||||||</marc:controlfield>
    <marc:controlfield tag="008">150407|2003||||xxc|||||o    f|0| 0 fre|d</marc:controlfield>
    <marc:datafield tag="040" ind1=" " ind2=" ">
      <marc:subfield code="a">CaOODSP</marc:subfield>
      <marc:subfield code="b">fre</marc:subfield>
    </marc:datafield>
    <marc:datafield tag="043" ind1=" " ind2=" ">
      <marc:subfield code="a">n-cn---</marc:subfield>
    </marc:datafield>
    <marc:datafield tag="086" ind1="1" ind2=" ">
      <marc:subfield code="a">NH15-410/2003F-PDF</marc:subfield>
    </marc:datafield>
    <marc:datafield tag="110" ind1="2" ind2=" ">
      <marc:subfield code="a">Société canadienne d'hypothèques et de logement.</marc:subfield>
    </marc:datafield>
    <marc:datafield tag="245" ind1="1" ind2="0">
      <marc:subfield code="a">Manuel de planification du remplacement d'immobilisations : </marc:subfield>
      <marc:subfield code="h">[ressource électronique]</marc:subfield>
      <marc:subfield code="b">édition à l'intention des organismes de logements coopératifs et sans but lucratif / </marc:subfield>
      <marc:subfield code="c">Produit par l'Association canadienne d'habitation et de rénovation urbaine (ACHRU) en collaboration avec la Fédération de l'habitation coopérative du Canada et l'Ontario Non-Profit Housing Association. </marc:subfield>
    </marc:datafield>
    <marc:datafield tag="260" ind1=" " ind2=" ">
      <marc:subfield code="a">Ottawa - Ontario : </marc:subfield>
      <marc:subfield code="b">Société canadienne d'hypothèques et de logement </marc:subfield>
      <marc:subfield code="c">2003.</marc:subfield>
    </marc:datafield>
    <marc:datafield tag="300" ind1=" " ind2=" ">
      <marc:subfield code="a">81p.</marc:subfield>
      <marc:subfield code="b">graphiques, tableaux</marc:subfield>
    </marc:datafield>
    <marc:datafield tag="500" ind1=" " ind2=" ">
      <marc:subfield code="a">Le n° de catalogue (NH15-410/2003) et l’ISBN (0-662-67379-4) de l’édition imprimée bilingue ont été incorrectement copiés dans cette édition électronique.</marc:subfield>
    </marc:datafield>
    <marc:datafield tag="520" ind1="3" ind2=" ">
      <marc:subfield code="a">Les sociétés de logements sans but lucratif et les coopératives d’habitation ont besoin de fonds de réserve d’immobilisations pour être prêts à payer les réparations et les remplacements majeurs que nécessiteront leurs immeubles en vieillissant. Le présent manuel présente aux fournisseurs de logements l’information nécessaire pour qu’un Conseil d’administration comprenne et surveille le processus de remplacement d’immobilisations. Il décrit comment élaborer un Plan de remplacement d’immobilisations et comment le garder à jour.</marc:subfield>
    </marc:datafield>
    <marc:datafield tag="590" ind1=" " ind2=" ">
      <marc:subfield code="a">11-05-Supp</marc:subfield>
      <marc:subfield code="b">2011-03-15</marc:subfield>
    </marc:datafield>
    <marc:datafield tag="691" ind1="0" ind2="7">
      <marc:subfield code="a">Logement subventionné</marc:subfield>
      <marc:subfield code="2">gcpds</marc:subfield>
    </marc:datafield>
    <marc:datafield tag="775" ind1="0" ind2="8">
      <marc:subfield code="t">Capital replacement planning - manual for co-operative and non-profit housing providers / </marc:subfield>
      <marc:subfield code="w">(CaOODSP)9.694278</marc:subfield>
    </marc:datafield>
    <marc:datafield tag="776" ind1="0" ind2="#">
      <marc:subfield code="t">Capital replacement planning - manual for co-operative and non-profit housing providers / </marc:subfield>
      <marc:subfield code="w">(CaOODSP)9.664685</marc:subfield>
    </marc:datafield>
    <marc:datafield tag="776" ind1="0" ind2="#">
      <marc:subfield code="t">Manuel de planification du remplacement d'immobilisations - édition à l'intention des organismes de logements coopératifs et sans but lucratif / </marc:subfield>
      <marc:subfield code="w">(CaOODSP)9.664686</marc:subfield>
    </marc:datafield>
    <marc:datafield tag="856" ind1="4" ind2="0">
      <marc:subfield code="a">http://publications.gc.ca</marc:subfield>
      <marc:subfield code="q">PDF</marc:subfield>
      <marc:subfield code="s">612 Ko</marc:subfield>
      <marc:subfield code="u">https://publications.gc.ca/collections/collection_2011/schl-cmhc/NH15-410-2003-fra.pdf</marc:subfield>
    </marc:datafield>
  </marc:record>
</marc:collection>
